Evaluación del plan estratégico 2011-2015 del Instituto Tecnológico del Cibao Oriental (ITECO) / Estefany Bonilla Genao, Rumardo Ant. Mosquea Cruz y Wilson Antonio Hilario Adames ; asesor Jorge Custodio Heredia (Registro nro. 17905)

Detalles MARC
000 -LEADER
fixed length control field 01108nam a22002411a 4500
001 - CONTROL NUMBER
control field 17905
003 - CONTROL NUMBER IDENTIFIER
control field OSt
005 - DATE AND TIME OF LATEST TRANSACTION
control field 20260204212340.0
008 - FIXED-LENGTH DATA ELEMENTS--GENERAL INFORMATION
fixed length control field 170106s2015||||dr ||||||b||||||||||spa||
090 ## - LOCALLY ASSIGNED LC-TYPE CALL NUMBER (OCLC); LOCAL CALL NUMBER (RLIN)
Classification number (OCLC) (R) ; Classification number, CALL (RLIN) (NR) ADM 2015 B65
100 1# - ASIENTO PRINCIPAL -- NOMBRE PERSONAL
Personal name Bonilla Genao, Estefany
Relator term sustentante
245 10 - TÍTULO PROPIAMENTE DICHO: SUBTÍTULO
Title Evaluación del plan estratégico 2011-2015 del Instituto Tecnológico del Cibao Oriental (ITECO) / Estefany Bonilla Genao, Rumardo Ant. Mosquea Cruz y Wilson Antonio Hilario Adames ; asesor Jorge Custodio Heredia
260 ## - PUBLICATION, DISTRIBUTION, ETC.
Place of publication, distribution, etc. Cotuí, República Dominicana :
Name of publisher, distributor, etc. UTECO,
Date of publication, distribution, etc. 2015
300 ## - PHYSICAL DESCRIPTION
Extensión 84 hojas :
Other physical details Ilustraciones ;
Dimensions 28cm.
502 ## - THESIS NOTE
Dissertation note Trabajo de grado (Licenciatura en Administración de Empresas) --Universidad Tecnológica del Cibao Oriental, 2015
504 ## - BIBLIOGRAPHY, ETC. NOTE
Bibliography, etc. note Incluye referencia bibliográfica e índice
650 #4 - ASIENTO SECUNDARIO DE MATERIA -- TERMINO TOPICO
Asiento secundario de materia Plan estratégico
700 1# - ASIENTO SECUNDARIO -- NOMBRE PERSONAL
Personal name Mosquea Cruz, Rumardo Antonio
Relator term sustentante
700 1# - ASIENTO SECUNDARIO -- NOMBRE PERSONAL
Personal name Hilario Adames, Wilson Antonio
Relator term sustentante
700 1# - ASIENTO SECUNDARIO -- NOMBRE PERSONAL
Personal name Custodio Heredia
Relator term Jorge
830 ## - ASIENTO SECUNDARIO DE SERIE - TÍTULO UNIFORME
Uniform title Tesis y disertaciones académicas (Universidad Tecnológica del Cibao Oriental)
942 ## - ADDED ENTRY ELEMENTS (KOHA)
Source of classification or shelving scheme Clasificación Local
Koha item type Tesis
Existencias
Withdrawn status Lost status Source of classification or shelving scheme Damaged status Not for loan Collection code Home library Current library Shelving location Date acquired Inventory number Total Checkouts Full call number Barcode Date last seen Copy number Price effective from Koha item type
    Clasificación Local     Trabajos de Grado e Investigación   Biblioteca UTECO En Estantería 09/09/2019 AT-2015-009   ADM 2015 B65 AT-2015-009 09/09/2019 Ej.1 09/09/2019 Tesis
© 2021 Derechos Reservados UTECO - Teléfono: +1 809-585-2291 - Correo electrónico: biblioteca@uteco.edu.do​  
Código postal 43000 ​​
Dirección: Avenida Universitaria No. 100, 
Cotuí, Provincia Sánchez Ramírez, República Dominicana - RNC: 404-00059-6